000
00323nam a2200145Ia 4500
008
151213s9999 xx 000 0 und d
100
_a
Soilur
245
_a
Company Law
_c
Soilur
260
_a
Dhaka
_b
Soilur Prokashoni
_c
1997
300
_a
1664 p.
650
_a
Law
650
_a
Law
700
_a
Soilur
999
_c
1248
_d
1248